30. harfi arayan adam / (Record no. 15584)

MARC details
000 -BAŞLIK
Sabit Uzunlukta Kontrol Alanı 00760nam a22002297a 4500
999 ## - SİSTEM KONTROL NUMARALARI (KOHA)
Koha Biblionumber 15584
Koha Biblioitemnumber 15584
003 - KONTROL NUMARASI IDENTIFIER
Denetim Alanı MIRAKIL
005 - SON İŞLEM TARİHİ VE ZAMANI
Denetim Alanı 20240307145155.0
008 - SABİT-BOY VERİ ELEMANLARI - GENEL BİLGİLER
Sabit Uzunlukta Kontrol Alanı 240307b tu ||||| |||| 00| 0 tur d
020 ## - ULUSLARARASI STANDART KİTAP NUMARASI
Uluslararası Standart Kitap Numarası 9789751042989
040 ## - KATALOGLAMA KAYNAK
Orijinal Kataloglama Ajansı TR-AnCHP
Metne Dönüştürmek Ajansı TR-AnCHP
041 ## - DİL KODU
Metin / Ses Parça Veya Ayrı Başlığın Dil Kodu tur
082 ## - DEWEY ONLU SINIFLANDIRMA NUMARASI
Sınıflandırma Numarası CHP 338.04092
Ürün Numarası B51 2021
090 ## - SINIFLAMA NUMARASI
Sınıflama Numarası CHP 338.04092 B51 2021
100 ## - ANA GİRİŞ - KİŞİSEL İSİM
Kişisel Ad Biçer, Namık Kemal
245 10 - BAŞLIK TABLOSU
Başlık 30. harfi arayan adam /
Sorumluluk Tablosu, Vb Namık Kemal Biçer ; yayıma hazırlayan Gökçe Şenoğlu
246 ## - UNVAN FORM VARYING
Başlık Doğru / Kısa Başlığı Otuzuncu harfi arayan adam
260 ## - YAYIN, DAĞITIM, VB
Yayın, Dağıtım, Vb Yeri İstanbul :
Yayıncı, Dağıtıcı, Vs Adı Sayfa6,
Yayın, Dağıtım, Vb Tarihi 2021.
300 ## - FİZİKSEL TANIM
Kapsam 297 sayfa ;
Boyutlar 21 cm.
650 #0 - KONU KATMA GİRİŞ - TOPİKAL DÖNEM
9 (RLIN) 967
Topikal Süreli Veya Coğrafi Ad Giriş Elemanı yaşam öyküsü
Genel Alt Bölümü İş adamları
856 ## - ELEKTRONİK YER VE ERİŞİM
Kamu Notu Dijital Nüshası için Partimizin Kütüphane Sorumlusu ile iletişime geçiniz.
942 ## - EKLENDİ GİRİŞ ELEMANLARI (KOHA)
Sınıflandırma Veya Raf Düzeni Kaynak Dewey Decimal Classification
Koha Öğesi Türü Books
Holdings
Kalıcı Konum Mevcut Konum Edinme Tarihi Toplam Check-Out'Lar Tam Çağrı Numarası Barkod Tarih Son Görülme İtibaren Geçerli Fiyatlar Koha Öğesi Türü
CHP Kütüphanesi CHP Kütüphanesi 03/07/2024   CHP 338.04092 B51 2021 21469 03/07/2024 03/07/2024 Books